| 000 | 00652nam a2200277Ia 4500 | ||
|---|---|---|---|
| 008 | 210210b2007 xxu||||| |||| 00| 0 eng d | ||
| 020 | _a9788172733780 | ||
| 041 | _aeng | ||
| 082 | _a320.07 DESL | ||
| 100 | _aDESHMUKH (R K) | ||
| 245 | _aLearn and teach political science: based on UNESCO ICT initiatives | ||
| 260 |
_aDelhi _bAuthors press _c2007 |
||
| 300 | _axii,208 | ||
| 650 | _aUNESCO | ||
| 650 | _ateach | ||
| 650 | _ascience: | ||
| 650 | _apolitical | ||
| 650 | _aon | ||
| 650 | _aLearn | ||
| 650 | _ainitiatives | ||
| 650 | _aICT | ||
| 650 | _abased | ||
| 650 | _aand | ||
| 690 | _aPolitical Science | ||
| 906 | _a064912 | ||
| 999 |
_c141755 _d141755 |
||